000
00278nam a22001217a 4500
999
_c
534248
_d
534248
040
_c
dlc
082
_a
891.4397
100
_a
Mannu Bhai
_9
28413
245
_a
Urdu ka Behtareen Mazayia Adab
260
_a
Lahore
_b
Taha Publications
_c
c2005
300
_a
416;p
942
_2
ddc
_c
BK